000 00598nam a2200229Ia 4500
003 OSt
005 20221006151607.0
006 a|||||r|||| 00| 0
007 ta
008 221006b |||||||| |||| 00| 0 eng d
020 _c72.00
024 _a22,659
037 _cTextual
040 _aEASL
_cEASL
_beng
041 _2eng
_aeng
100 _aSARTORI Giovanni
245 0 _aParties and party systems
_b Framework for analysis
260 _aCambridge
_bCambridge University Press
_c1976
300 _a370p.
_ccm.
942 _cTEXL
_2CC
999 _c1090745
_d1090745